000 00670cam a22001697a 4500
008 180718b2000 xxu||||| |||| 00| 0 eng d
082 _aP42x54 K163
100 _aKaul, Venita
245 _aEarly childhood care and education
_cby Venita Kaul
260 _aNew Delhi
_bNational Institute of Educational Planning and Administration
_c2000
300 _a37+p.
440 _aYear 2000 assessment: education for all
650 _aEducation, Elementary - India
700 _aIndian National Commission for Cooperation with UNESCO
700 _aIndia. Ministry of Human Resource Development
700 _aIndia. National Institute of Educational Planning and Administration
999 _c486326
_d486326